000 00496nam a22001697a 4500
005 20251108175547.0
008 250721s9999 xx 000 0 ara d
082 1 4 _a902/ويل
100 1 _aويلز، ه.ج
245 1 0 _aموجز تاريخ العالم /
264 _bدار العلم للجميع للنشر و التوزيع،
300 _a430ص.
650 1 7 _aالتاريخ
700 1 _aأحمد، عادل عبد السيد
_eمترجم
942 _2ddc
_cBK
999 _c137008
_d137008